|
|
|
|
| LEADER |
00000nam0a2200000 4500 |
| 001 |
182898 |
| 005 |
20231101223726.0 |
| 010 |
|
|
|a 9785498076652
|
| 035 |
|
|
|a (RuTPU)RU\TPU\book\198267
|
| 090 |
|
|
|a 182898
|
| 100 |
|
|
|a 20100628d2010 m y0rusy50 ca
|
| 101 |
0 |
|
|a rus
|
| 102 |
|
|
|a RU
|
| 105 |
|
|
|a a j 000zy
|
| 200 |
1 |
|
|a Педагогика
|e учебное пособие
|f О. Ю. Ефремов
|
| 210 |
|
|
|a СПб.
|c Питер
|d 2010
|
| 215 |
|
|
|a 352 с.
|c ил.
|
| 225 |
1 |
|
|a Учебное пособие
|
| 330 |
|
|
|a В учебном пособии наглядно, в виде схем и таблиц, представлены основные положения педагогики. Последовательно рассматриваются содержание педагогической деятельности, педагогического процесса, теория и практика обучения, воспитания и образования, история становления и развития педагогической мысли. Учебное пособие рассчитано прежде всего на студентов вузов, изучающих педагогику и нуждающихся в системном и емком восприятии достаточно обширного учебного материала по данной дисциплине. Материал пособия полностью соответствует требованиям Государственного образовательного стандарта к содержанию дисциплины «Педагогика».
|
| 606 |
1 |
|
|a Педагогика общая
|2 stltpush
|3 (RuTPU)RU\TPU\subj\48422
|9 67292
|
| 610 |
1 |
|
|a педагогическая деятельность
|
| 610 |
1 |
|
|a педагоги
|
| 610 |
1 |
|
|a педагогическая культура
|
| 610 |
1 |
|
|a воспитание
|
| 610 |
1 |
|
|a обучение
|
| 610 |
1 |
|
|a диагностика
|
| 610 |
1 |
|
|a педагогические технологии
|
| 610 |
1 |
|
|a дистанционное обучение
|
| 610 |
1 |
|
|a модульно-рейтинговое обучение
|
| 610 |
1 |
|
|a педагогическая мысль
|
| 610 |
1 |
|
|a история
|
| 610 |
1 |
|
|a зарубежные страны
|
| 610 |
1 |
|
|a Россия
|
| 610 |
1 |
|
|a учебные пособия
|
| 686 |
|
|
|a Ч31я73
|v LBC/SL-A
|2 rubbk
|
| 700 |
|
1 |
|a Ефремов
|b О. Ю.
|g Олег Юрьевич
|
| 801 |
|
1 |
|a RU
|b 63413507
|c 20100628
|
| 801 |
|
2 |
|a RU
|b 63413507
|c 20150611
|g RCR
|
| 900 |
|
|
|a Педагогика
|
| 942 |
|
|
|c BK
|
| 955 |
|
|
|d Педагогика
|
| 959 |
|
|
|a 46/20100628
|d 2
|e 145,00
|f ЧЗГЛ:1
|f АНЛ:1
|